Service Quality Assessment of HDFC Bank (Record no. 69365)
[ view plain ]
| 000 -LEADER | |
|---|---|
| fixed length control field | 00362nam a2200145Ia 4500 |
| 008 - FIXED-LENGTH DATA ELEMENTS--GENERAL INFORMATION | |
| fixed length control field | 221007s9999 xx 000 0 und d |
| 041 ## - LANGUAGE CODE | |
| Language code of text/sound track or separate title | eng |
| 082 ## - DEWEY DECIMAL CLASSIFICATION NUMBER | |
| Item number | CHA |
| 100 ## - MAIN ENTRY--PERSONAL NAME | |
| Personal name | Changan P K (2K51066) |
| 9 (RLIN) | 102204 |
| 245 ## - TITLE STATEMENT | |
| Title | Service Quality Assessment of HDFC Bank |
| 260 ## - PUBLICATION, DISTRIBUTION, ETC. (IMPRINT) | |
| Date of publication, distribution, etc. | 2007 |
| Name of publisher, distributor, etc. | Pune University |
| Place of publication, distribution, etc. | Pune |
| 300 ## - PHYSICAL DESCRIPTION | |
| Extent | 45p |
| 520 ## - SUMMARY, ETC. | |
| Summary, etc. | Joshi D |
| 906 ## - LOCAL DATA ELEMENT F, LDF (RLIN) | |
| b | General |
| Withdrawn status | Lost status | Damaged status | Not for loan | Home library | Current library | Date acquired | Vendor | Total Checkouts | Full call number | Barcode | Date last seen | Bill Date | Koha item type | Original Barcode |
|---|---|---|---|---|---|---|---|---|---|---|---|---|---|---|
| Smt. Hiraben Nanavati Institute of Management & Research for Women | Smt. Hiraben Nanavati Institute of Management & Research for Women | 05/10/2007 | Satya Gilani | CHA | HIMR-PR-137 | 07/10/2022 | 05/10/2007 | Project Reports | PR0137 | |||||
| Smt. Hiraben Nanavati Institute of Management & Research for Women | Smt. Hiraben Nanavati Institute of Management & Research for Women | 03/10/2007 | Satya Gilani | CHA | HIMR-PR-109 | 07/10/2022 | 03/10/2007 | Project Reports | PR0109 |